1821 1247 1049 1555 1601 1838 1580 1685 1422 1594 1031 1273 1799 1859 1517 1634 1554 1737 1718 1246 1587 1918 1564 1936 1198 1787 1302 1061 1505 1896 1957 1358 1409 1113 1387 1446 1443 1141 1966 1993 1606 1394 1839 1008 1375 1365 1433 1843 1819 1971 1315 1179 1779 1766 1397 1908 1538 1912 1757 1721 1825 1464 1810 1101 1262 1834 1487 1336 1334 1010 1861 1736 1220 1776 1568 1108 1582 1652 1880 1019 1825 1719 1866 1578 1157 1932 1506 1416 1315 1703 1688 1276 1384 1662 1681 1404 1535 1817 1178 BCNSPRNW ULIB Ver.6.0+V

เปลี่ยนเป็นภาษาไทย

Change to English
 แสดงรายละเอียดบรรณานุกรม
  กลับหน้าหลัก

Brief Record : Get Marc (ISO 2709) : E-mail record : QR code < ปิดหน้าต่าง
LEADER : 00000nam 2200000uu 4500
001    13399122853
003     ULIB
008    131022s2555||||th 000 0 tha d
020    ^a9789742473693
050  4 ^aDS520^bอ111ร
100    ^aอากิ อคิราภ์
245    ^aเราคืออาเซียน-- กัมพูชา /^cอากิ อคิราภ์
250    ^aพิมพ์ครั้งที่ 3
260    ^aกรุงเทพฯ :^bอมรินทร์คอมมิกส์,^c2555
300    ^a53 หน้า
440  0 ^aชุด เราคืออาเซียน
650  7 ^aประชาคมอาเซียน
650  7 ^aอาเซียน
650  7 ^aกัมพูชา
945    ^p75^l0^i034075
999    ^aทศพร
รายการนี้ยังไม่มีแท็ก
คุณยังไม่ได้ล็อกอิน คุณสามารถมีกิจกรรมร่วมกับเว็บไซต์ได้ แต่ต้องล็อกอินก่อน ::
  ล็อกอิน

รายการสื่อสารสนเทศ

ลำดับที่ ประเภท เลขเรียก/บาร์โค้ด สถานที่ สถานะ
1. การศึกษาทั่วไป
หนังสือสำรอง
สถานะ=หนังสือสำรอง
DS520 อ111ร ฉ.1 
  Barcode: 034075
ห้องสมุดวิทยาเขตสวรรค์ประชารักษ์
►หนังสือทั่วไป
บนชั้น

รายการใกล้เคียง
    ผู้แต่ง [อากิ อคิราภ์]

    หัวเรื่อง [ประชาคมอาเซียน]
    หัวเรื่อง [อาเซียน]
    หัวเรื่อง [กัมพูชา]

BibComment


ยังไม่เคยถูกคอมเมนท์

คอมเมนท์ทรัพยากรรายการนี้
  คอมเมนท์: เราคืออาเซียน กั..


 Copyright 2026. Bcnsprnw @Library